000 00682nam a2200229Ia 4500
003 OSt
005 20221007075518.0
006 a|||||r|||| 00| 0
007 ta
008 221006b |||||||| |||| 00| 0 eng d
024 _a38,610
037 _cTextual
040 _aFLL
_cFLL
_beng
041 _2eng
_aeng
082 _aX5 :D65,8(B), P8
100 _aAlwyn Didar Singh
_9693962
245 0 _aE-commerce in India
_b assessments and strategies for the developing world
260 _aNew Delhi
_bLexisNexis Butterworths India
_c2008
300 _axxii,302p
_ccm.
942 _hX5 :D65,8(B), P8
_cTEXL
_2CC
999 _c1156360
_d1156360